LEADER 01080nam0 2200313 450 001 000018309 005 20081104142921.0 010 $a88-339-0008-8 100 $a20081028d1985----km-y0itay50------ba 101 0 $aita 102 $aIT 105 $aa-------001yy 200 1 $a<>problemi di matematica della Scuola normale superiore di Pisa$fa cura di Franco Conti ... [et al.] 210 $aTorino$cP. Boringhieri$d1985 215 $a297 p.$cill.$d22 cm 225 2 $aDidattica 410 0$12001$aDidattica 500 10$a<>problemi di matematica della Scuola normale superiore di Pisa$933105 610 1 $aMatematica$aEsercizi 610 1 $aMatematica$aProblemi 676 $a510.76$v21$9Matematica. Prontuari ed esercizi 702 1$aConti,$bFranco 710 02$aScuola normale superiore$0103942 801 0$aIT$bUNIPARTHENOPE$c20081028$gRICA$2UNIMARC 912 $a000018309 951 $aM 510.76/1$bM 780$cDSA$d2008 951 $aM 510.76/3$bM 908$cDSA 996 $aProblemi di matematica della Scuola normale superiore di Pisa$933105 997 $aUNIPARTHENOPE LEADER 01149nam a2200253 i 4500 001 991003679409707536 005 20020509130243.0 008 001012s1964 it ||| | ita 035 $ab11197778-39ule_inst 035 $aPARLA186452$9ExL 040 $aDip.to Scienze Storiche Fil. e Geogr.$bita 082 0 $a338.1 100 1 $aOrtolani, Mario$0449888 245 10$aMemoria illustrativa della carta della utilizzazione del suolo degli Abruzzi e Molise :$bfogli 13, 14 e 15 della carta dell'utilizzazione del suolo d'Italia /$cMario Ortolani ; con la collaborazione di Piero Degradi 260 $aRoma :$bConsiglio nazionale delle ricerche,$c1964 300 $a175 p. :$bill. ;$c24 cm. 650 4$aEconomia agraria$zAbruzzi e Molise 700 1 $aDegradi, Piero 907 $a.b11197778$b21-09-06$c01-07-02 912 $a991003679409707536 945 $aLE009 GEOG. 14.431-3$g1$i2009000023802$lle009$o-$pE0.00$q-$rn$so $t0$u0$v0$w0$x0$y.i11347983$z01-07-02 996 $aMemoria illustrativa della Carta della utilizzazione del suolo degli Abruzzi e Molise$9299515 997 $aUNISALENTO 998 $ale009$b01-01-00$cm$da $e-$fita$git $h0$i1 LEADER 01128nam0 2200289 i 450 001 VAN0015255 005 20081015120000.0 010 $a88-14-07197-7 020 $aIT$b99 4014 100 $a20040115d1998 |0itac50 ba 101 $aita 102 $aIT 105 $a|||| ||||| 200 1 $aˆL'‰amministrazione della giustizia nella Repubblica romana del 1798-99$fMario Battaglini 210 $aMilano$cGiuffrè$d[1998] 215 $aX, 166 p., [2] c.$d22 cm. 606 $aRepubblica romana <1798-1799>$xOrdinamento giudiziario$3VANC007903$2FI 620 $dMilano$3VANL000284 676 $a347.456$v21 700 1$aBattaglini$bMario$3VANV002760$068704 712 $aGiuffrè $3VANV109181$4650 801 $aIT$bSOL$c20230616$gRICA 899 $aBIBLIOTECA DEL DIPARTIMENTO DI GIURISPRUDENZA$1IT-CE0105$2VAN00 912 $aVAN0015255 950 $aBIBLIOTECA DEL DIPARTIMENTO DI GIURISPRUDENZA$d00CONS XXIV.Eb.196 $e00 15102 20041109 996 $aAmministrazione della giustizia nella repubblica romana del 1798-99$9703931 997 $aUNICAMPANIA